30 Most Populous Cities In 2075 On A Map - Statistics

General Stats
  • This quiz has been taken 106 times
  • The average score is 23 of 30
Answers on the Map
Answers color-coded by a green-red scale on the quiz's map according to % correct below.
 
Answer Stats
Population City % Correct
27,920,000 New York City
98%
18,510,000 Los Angeles
95%
24,180,000 Mexico City
95%
33,000,000 Cairo
94%
49,340,000 New Delhi
94%
57,860,000 Mumbai
93%
57,200,000 Lagos
88%
28,920,000 Tokyo
88%
21,280,000 Sao Paulo
87%
58,420,000 Kinshasa
85%
32,750,000 Manila
80%
45,090,000 Kolkata
78%
24,390,000 Baghdad
77%
43,370,000 Karachi
77%
28,420,000 Nairobi
77%
30,680,000 Khartoum
76%
37,490,000 Dar es Salaam
74%
46,220,000 Dhaka
74%
23,810,000 Addis Ababa
73%
32,670,000 Kabul
72%
21,050,000 Shanghai
71%
17,550,000 Jakarta
70%
19,650,000 Luanda
68%
23,880,000 Lahore
67%
22,210,000 Chennai
66%
20,230,000 Kampala
62%
21,310,000 Bangalore
61%
17,690,000 Kano
55%
19,940,000 Hyderabad
52%
20,370,000 Niamey
45%
No matching quizzes found
Score Distribution
Percent of People with Each Score
Percentile by Number Answered
Your Score History
You have not taken this quiz